000 00631nam a22002537a 4500
003 UA-OsUOA
001 26408
007 ta
008 20040527b un ||||| |||| 00| 0 ukr d
100 _aПетров М.
090 _a27
_bП30
942 _cBK
040 _aUA-OsUOA
_bukr
_cUA-OsUOA
_dUA-OsUOA
245 _aСкрижалі пам'яті
300 _a270 с.
955 _a2
041 _aukr
080 _a27
020 _a96966-8060-03-2
260 _aК.
_bПрайм
_c2003
044 _aUA
650 7 _a27 Загальна історія Християнської церкви
_2UDC
999 _c312731
_d312731